000 00598nam a22002177a 4500
003 UA-OsUOA
001 465
007 ta
008 20050602b un ||||| |||| 00| 0 ukr d
090 _a929
_bФ34
942 _cBK
040 _aUA-OsUOA
_beng
_cUA-OsUOA
_dUA-OsUOA
245 _aФедотов
_cАвтор-состав. Шумова М.
300 _a174 с.
955 _a4
041 _aeng
_hМова оригіналу
080 _a929
260 _aЛенінград
_bАврора
_c1974
650 7 _a9 Географія. Біографії. Історія
_2UDC
999 _c286633
_d286633